| 000 | 00972cab a22002295a 4500 | ||
|---|---|---|---|
| 001 | L147971 | ||
| 008 | 090707e20090627xxk g 000 0 eng d | ||
| 035 | _a(Sirsi) u147971 | ||
| 100 | 1 | _aPilkington, Lisa | |
| 245 | 0 | 0 | _aFocus Birmingham |
| 260 | _c2009 | ||
| 490 |
_aEstates Gazette _v(0925) 27 June 2009, 111-127(15) |
||
| 520 | _aTopics covered include plans to improve public transport in the city centre, lists infrastructure projects currently underway and an overview of the retail, leisure, office and industrial market in Birmingham. Discusses Birmingham City Council's plans to rationalise its property portfolio. Concludes with a case study on the regeneration of the Jewellery Quarter. | ||
| 590 | _aKA | ||
| 651 | 4 |
_aEngland and Wales _y1543- |
|
| 690 | _aPROPERTY-COMMERCIAL PROPERTY-COMMERCIAL PROPERTY MARKET | ||
| 700 | 1 | _aClarkson, Melanie | |
| 700 | 1 | _aElghamry, Nadia | |
| 700 | 1 | _aSmith, Melanie | |
| 700 | 1 | _aClift, Patrick | |
| 942 | _n0 | ||
| 999 |
_c81688 _d81688 |
||